Too Young - Louis Tomlinson (All Lyrics) - Statistics

General Stats
  • This quiz has been taken 58 times
  • The average score is 291 of 329
Answer Stats
Answer % Correct
a
100%
I
100%
know
100%
To
100%
to
100%
too
100%
Too
100%
We
100%
we
100%
were
100%
you
100%
young
100%
all
97%
ever
97%
everything
97%
had
97%
hurt
97%
it
97%
So
97%
sorry
97%
along
95%
I'm
95%
no
95%
that
95%
That
95%
could
92%
darling
92%
is
92%
wish
92%
can
89%
I've
89%
Me
89%
me
89%
Oh
89%
oh
89%
the
89%
When
89%
can't
87%
think
87%
this
87%
This
87%
and
84%
It's
84%
never
84%
now
84%
Now
84%
seen
84%
been
82%
believe
82%
could've
82%
hate
82%
would
82%
But
79%
didn't
79%
known
79%
lately
79%
better
76%
hard
76%
last
76%
like
76%
looking
76%
love
76%
gave
74%
have
74%
lot
74%
realise
74%
back
71%
off
71%
said
71%
they
71%
cut
68%
different
68%
for
68%
pressure
68%
feeling
66%
before
63%
Before
63%
Face
63%
face
63%
into
63%
yeah
61%
your
61%
say
58%
conversation
55%
finally
53%
since
53%
at
50%
everything's
50%
table
50%
years
50%
kitchen
47%
let
47%
2
45%
waited
39%
find
37%
some
37%
trying
37%
words
37%
moment
34%
away
32%
slip
32%
cos
16%
Cos
16%
No matching quizzes found
Score Distribution
Percent of People with Each Score
Percentile by Number Answered
Your Score History
You have not taken this quiz